Guide to interviews: principles of selection and interview techniques for public services in India (Record no. 432279)

000 -LEADER
fixed length control field 00488cam a22001337a 4500
008 - FIXED-LENGTH DATA ELEMENTS--GENERAL INFORMATION
fixed length control field 180718b1957 xxu||||| |||| 00| 0 eng d
082 ## - DEWEY DECIMAL CLASSIFICATION NUMBER
Classification number K335 Si64
245 ## - TITLE STATEMENT
Title Guide to interviews: principles of selection and interview techniques for public services in India
Statement of responsibility, etc. edited by Jogindar Singh
260 ## - PUBLICATION, DISTRIBUTION, ETC.
Place of publication, distribution, etc. Delhi
Name of publisher, distributor, etc. Services Institute
Date of publication, distribution, etc. 1957
300 ## - PHYSICAL DESCRIPTION
Extent 148p.
440 ## - SERIES STATEMENT/ADDED ENTRY--TITLE
Title Indian scholar--2
650 ## - SUBJECT ADDED ENTRY--TOPICAL TERM
Topical term or geographic name entry element Public service --Selection and interview techniques --India
700 ## - ADDED ENTRY--PERSONAL NAME
Personal name Singh, Jogindar
Holdings
Withdrawn status Lost status Damaged status Not for loan Permanent Location Current Location Date acquired Full call number Barcode Date last seen Price effective from Koha item type
        Indian Institute of Public Administration Indian Institute of Public Administration 2010-01-29 K335 Si64 14690 2018-07-21 2018-07-21 Book

Powered by Koha